| 000 | 01172nam a2200313Ia 4500 | ||
|---|---|---|---|
| 001 | ebr10715329 | ||
| 003 | CaPaEBR | ||
| 006 | m o u | ||
| 007 | cr cn||||||||| | ||
| 008 | 130608s2013 njua s 001 0 eng d | ||
| 020 | _z9781118458402 | ||
| 020 | _z9781118458457 (ebook) | ||
| 020 | _z9781118458495 (ebook) | ||
| 040 |
_aCaPaEBR _cCaPaEBR |
||
| 035 | _a(OCoLC)849948667 | ||
| 050 | 1 | 4 |
_aHD4904.7 _b.W55 2013eb |
| 082 | 0 | 4 |
_a658.3 _223 |
| 100 | 1 |
_aWilson, Trevor, _d1957- |
|
| 245 | 1 | 4 |
_aThe human equity advantage _h[electronic resource] : _bbeyond diversity to talent optimization / _cTrevor Wilson. |
| 260 |
_aHoboken, NJ : _bJossey-Bass / Wiley, _cc2013. |
||
| 300 |
_axiii, 311 p. : _bill. |
||
| 500 | _aIncludes index. | ||
| 533 |
_aElectronic reproduction. _bPalo Alto, Calif. : _cebrary, _d2013. _nAvailable via World Wide Web. _nAccess may be limited to ebrary affiliated libraries. |
||
| 650 | 0 | _aHuman capital. | |
| 650 | 0 | _aLeadership. | |
| 655 | 7 |
_aElectronic books. _2local |
|
| 710 | 2 | _aebrary, Inc. | |
| 856 | 4 | 0 |
_uhttp://site.ebrary.com/lib/rucke/Doc?id=10715329 _zAn electronic book accessible through the World Wide Web; click to view |
| 999 |
_c40850 _d40850 |
||